[Event "30th ECh U20"]
[Site "Baku AZE"]
[Date "2002.07.14"]
[Round "1"]
[White "Teterev, Vitaly"]
[Black "Riazantsev, Alexander"]
[Result "0-1"]
[WhiteElo "2342"]
[BlackElo "2537"]
[EventDate "2002.07.14"]
[PlyCount "106"]

1.e4 c6 2.d4 d5 3.Nd2 dxe4 4.Nxe4 Bf5 5.Ng3 Bg6 6.N1e2 Nf6 7.Nf4 e5 8.Nxg6
hxg6 9.dxe5 Qa5+ 10.Bd2 Qxe5+ 11.Qe2 Qxe2+ 12.Bxe2 Nbd7 13.O-O-O Bc5 14.f4
O-O-O 15.Bc4 Rhf8 16.b4 Bd4 17.c3 Bf2 18.Bb3 Nb6 19.Rdf1 Bxg3 20.hxg3 Rxd2
21.Kxd2 Ne4+ 22.Ke1 Nxg3 23.Rh7 Nxf1 24.Kxf1 Kd7 25.Rxg7 Nd5 26.Bxd5 cxd5 
27.Ke2 Ke6 28.Rh7 Rc8 29.Kd3 Rc7 30.g4 Rc4 31.f5+ gxf5 32.gxf5+ Kf6 33.
Rh6+ Ke5 34.Rh7 Rc7 35.a4 Kxf5 36.Rh5+ Ke6 37.a5 a6 38.Rh3 Ke5 39.Rh8 f5 
40.Re8+ Kf4 41.Rd8 Kg3 42.Rxd5 f4 43.Ke2 Re7+ 44.Kf1 Kf3 45.b5 Rc7 46.Rd3+
Ke4 47.Rd4+ Ke3 48.bxa6 bxa6 49.Rd6 Rxc3 50.Rxa6 Rc1+ 51.Kg2 f3+ 52.Kg3 
Rg1+ 53.Kh2 f2 0-1

[Event "30th ECh U20"]
[Site "Baku AZE"]
[Date "2002.07.14"]
[Round "1"]
[White "Guseinov, Gadir"]
[Black "Cernousek, Lukas"]
[Result "1-0"]
[WhiteElo "2510"]
[BlackElo "2294"]
[EventDate "2002.07.14"]
[PlyCount "115"]

1.e4 c5 2.Nf3 d6 3.d4 cxd4 4.Nxd4 Nf6 5.Nc3 g6 6.Be3 Bg7 7.f3 O-O 8.Qd2 
Nc6 9.Bc4 Bd7 10.O-O-O Qa5 11.Kb1 Rfc8 12.Bb3 Ne5 13.Bg5 Rc5 14.h4 b5 15.
Bxf6 Bxf6 16.Nd5 Qxd2 17.Rxd2 Kg7 18.h5 g5 19.h6+ Kf8 20.Nxf6 exf6 21.Ne2 
Ke7 22.Rhd1 a5 23.Rxd6 a4 24.Bxf7 Rac8 25.c3 Kxf7 26.Rxd7+ Nxd7 27.Rxd7+ 
Kg6 28.Nd4 R5c7 29.Rd6 Rc5 30.a3 Re8 31.g4 Rc7 32.Rb6 Re5 33.Nxb5 Rf7 34.
Nd4 Kxh6 35.Ra6 Kg6 36.Rxa4 h5 37.gxh5+ Kxh5 38.Ra8 Kh4 39.a4 Kg3 40.Rg8 
Rc5 41.Kc2 Rc4 42.Nf5+ Kxf3 43.Nd6 Rfc7 44.Nxc4 Rxc4 45.e5 fxe5 46.Rxg5 e4
47.b4 e3 48.Re5 Kf2 49.Kd3 Rc8 50.Rf5+ Ke1 51.Kxe3 Rxc3+ 52.Kd4 Ra3 53.a5 
Kd2 54.Kc5 Kd3 55.Rd5+ Ke4 56.Rd4+ Ke5 57.Rd1 Ke6 58.Kb6 1-0

[Event "30th ECh U20"]
[Site "Baku AZE"]
[Date "2002.07.14"]
[Round "1"]
[White "Gashimov, Sarkhan"]
[Black "Gaprindashvili, Valerian"]
[Result "1/2-1/2"]
[WhiteElo "2262"]
[BlackElo "2471"]
[EventDate "2002.07.14"]
[PlyCount "167"]

1.Nf3 Nf6 2.b3 d5 3.Bb2 e6 4.e3 Bd6 5.Be2 O-O 6.O-O b6 7.c4 Bb7 8.d3 Nbd7 
9.Nbd2 Re8 10.Qc2 Rc8 11.Rfe1 c5 12.Rac1 Bb8 13.Qb1 dxc4 14.bxc4 Nf8 15.
Nf1 Ng6 16.Ng3 Ng4 17.Qa1 f6 18.Rcd1 Qc7 19.Nd2 N4e5 20.f4 Nd7 21.Nf3 Ndf8
22.Nh5 e5 23.fxe5 fxe5 24.e4 Ne6 25.Ng3 Nd4 26.Bxd4 exd4 27.Nf5 Ne5 28.
Nxe5 Qxe5 29.g3 Rc6 30.Rf1 Rf6 31.Qc1 Ref8 32.Qg5 g6 33.Nh6+ Kg7 34.Qxe5 
Bxe5 35.Ng4 Rxf1+ 36.Bxf1 Bc7 37.Nf2 h5 38.Bh3 Kf6 39.Bd7 Ke7 40.Ba4 Be5 
41.Kg2 Bc8 42.Rb1 Kd6 43.Bd1 Bf6 44.Nh3 h4 45.Nf2 Bg5 46.Ng4 Bd7 47.gxh4 
Bxh4 48.Rb2 Rf4 49.h3 Rf8 50.Bf3 Bf6 51.Rf2 Be5 52.Bd1 Bf4 53.a4 g5 54.Rb2
Rb8 55.Rb1 Rf8 56.Rb2 Kc7 57.Rb1 Kb7 58.Rb2 Ka6 59.Rb1 Ka5 60.Rb2 a6 61.
Rb1 b5 62.axb5 axb5 63.cxb5 Bxb5 64.Be2 Bd7 65.Bf3 Bb5 66.Be2 Kb6 67.Ra1 
Ba6 68.Rb1+ Kc7 69.Nh6 Bb7 70.Bf3 Bc6 71.Nf5 Ra8 72.Rb2 Ra3 73.Ne7 Rxd3 
74.Nxc6 Kxc6 75.e5+ Rxf3 76.Kxf3 Kd5 77.e6 Bd6 78.Rb7 Kxe6 79.Ke4 Be7 80.
Rb6+ Kf7 81.Ra6 Bf6 82.Rc6 Be7 83.Ra6 Bf6 84.Rc6 1/2-1/2

[Event "30th ECh U20"]
[Site "Baku AZE"]
[Date "2002.07.14"]
[Round "1"]
[White "Jakubowski, Krzysztof"]
[Black "Davidov, Samir"]
[Result "0-1"]
[WhiteElo "2475"]
[BlackElo "2248"]
[EventDate "2002.07.14"]
[PlyCount "128"]

1.e4 e5 2.Nf3 Nc6 3.Bb5 a6 4.Bxc6 dxc6 5.Nc3 Bg4 6.h3 Bxf3 7.Qxf3 Qd7 8.d3
O-O-O 9.Be3 f6 10.O-O-O c5 11.Ne2 Bd6 12.Qg3 Qf7 13.b3 Ne7 14.f4 Nc6 15.
Qf2 Nd4 16.Kb1 Kb8 17.Rdf1 Qd7 18.Bc1 Rhf8 19.g4 a5 20.Nxd4 cxd4 21.fxe5 
fxe5 22.Qh4 h6 23.g5 hxg5 24.Qxg5 a4 25.h4 axb3 26.axb3 b6 27.h5 Kb7 28.
Rf5 Ra8 29.Rhf1 Rfc8 30.Bb2 Ra5 31.Rf7 Qc6 32.Qg6 Ra2 33.Kxa2 Qxc2 34.Qxd6
Ra8+ 35.Qa3 Rxa3+ 36.Kxa3 Qxd3 37.Ka2 Qa6+ 38.Ba3 Qe2+ 39.Ka1 d3 40.Rg1 d2
41.Rff1 Qxe4 42.Bb2 Qe2 43.Rd1 e4 44.Bxg7 e3 45.Bc3 Qxd1+ 46.Rxd1 e2 47.
Rxd2 e1=Q+ 48.Kb2 Qh1 49.Rc2 Qxh5 50.Bf6 Qf5 51.Bg7 c5 52.Bh8 b5 53.Bc3 
Qe4 54.Bg7 Kc6 55.Bf8 Qd4+ 56.Kb1 c4 57.bxc4 bxc4 58.Ba3 Qd1+ 59.Bc1 Kb5 
60.Rd2 Qe1 61.Rb2+ Kc5 62.Kc2 Qe4+ 63.Kd1 c3 64.Rc2 Kd4 0-1

[Event "30th ECh U20"]
[Site "Baku AZE"]
[Date "2002.07.14"]
[Round "1"]
[White "Gasanov, Eldar"]
[Black "Krupenski, Juri"]
[Result "1-0"]
[WhiteElo "2471"]
[BlackElo "2240"]
[EventDate "2002.07.14"]
[PlyCount "73"]

1.e4 c5 2.Nc3 e6 3.f4 Ne7 4.Nf3 Nec6 5.g3 Be7 6.Bg2 O-O 7.O-O a6 8.Kh1 b5 
9.d4 cxd4 10.Nxd4 Nxd4 11.Qxd4 Bb7 12.Be3 Qc7 13.Rad1 d6 14.a4 Bc6 15.axb5
axb5 16.Qd3 Qb7 17.f5 b4 18.Ne2 exf5 19.Rxf5 Nd7 20.Bd4 Ne5 21.Qe3 Rfe8 
22.Rdf1 f6 23.h3 Bf8 24.g4 Ng6 25.Qb3+ Kh8 26.Ng3 Nh4 27.Rxf6 gxf6 28.
Bxf6+ Bg7 29.Bxh4 Rf8 30.Re1 Rae8 31.Nf5 Rxe4 32.Bxe4 Bxe4+ 33.Kh2 Be5+ 
34.Bg3 Bxf5 35.Rxe5 Bxc2 36.Qe6 Qf7 37.Qxd6 1-0

[Event "30th ECh U20"]
[Site "Baku AZE"]
[Date "2002.07.14"]
[Round "1"]
[White "Buckley, Simon"]
[Black "Stellwagen, Daniel"]
[Result "1/2-1/2"]
[WhiteElo "2237"]
[BlackElo "2464"]
[EventDate "2002.07.14"]
[PlyCount "49"]

1.d4 d5 2.Bg5 c6 3.Nf3 h6 4.Bh4 Nf6 5.Bxf6 exf6 6.e3 Bd6 7.Bd3 O-O 8.O-O 
f5 9.Nbd2 Be6 10.c4 Nd7 11.Qc2 g6 12.Rad1 Qe7 13.c5 Bc7 14.b4 a6 15.a4 Nf6
16.b5 axb5 17.axb5 Ne4 18.b6 Bb8 19.Ne1 Bd7 20.g3 Ra3 21.Nb3 Kg7 22.f4 g5 
23.Ng2 f6 24.Ra1 Rxa1 25.Rxa1 1/2-1/2

[Event "30th ECh U20"]
[Site "Baku AZE"]
[Date "2002.07.14"]
[Round "1"]
[White "Mamedov, Nidjat"]
[Black "Laciner, Kerem"]
[Result "1-0"]
[WhiteElo "2463"]
[BlackElo "2220"]
[EventDate "2002.07.14"]
[PlyCount "57"]

1.e4 e5 2.Nf3 Nc6 3.Bb5 a6 4.Ba4 Nf6 5.O-O Be7 6.Re1 b5 7.Bb3 d6 8.c3 O-O 
9.h3 Nd7 10.d3 Na5 11.Bc2 c5 12.Nbd2 Nb6 13.Nf1 Nc6 14.Ng3 g6 15.Bh6 Re8 
16.Qd2 Be6 17.Ng5 Bxg5 18.Bxg5 f6 19.Be3 Qe7 20.f4 d5 21.exd5 Nxd5 22.Ne4 
Nxe3 23.Qxe3 c4 24.fxe5 fxe5 25.dxc4 Bxc4 26.Red1 Rad8 27.Qb6 Qe6 28.Qxa6 
Kg7 29.b3 1-0

[Event "30th ECh U20"]
[Site "Baku AZE"]
[Date "2002.07.14"]
[Round "1"]
[White "Gozzoli, Yannick"]
[Black "Chkhaidze, Nikoloz"]
[Result "0-1"]
[WhiteElo "2373"]
[BlackElo "2138"]
[EventDate "2002.07.14"]
[PlyCount "61"]

1.d4 Nf6 2.c4 e6 3.Nc3 c5 4.d5 exd5 5.cxd5 d6 6.e4 g6 7.Nf3 Bg7 8.Bg5 h6 
9.Bh4 O-O 10.Nd2 Re8 11.Be2 Na6 12.O-O Nc7 13.f4 a6 14.a4 Rb8 15.a5 Qd7 
16.e5 Nfxd5 17.Nxd5 Nxd5 18.Nc4 dxe5 19.fxe5 Qc6 20.Bf3 Be6 21.Qd2 g5 22.
Bg3 Qd7 23.Rfd1 Red8 24.Qf2 Qc7 25.Bxd5 Rxd5 26.Rxd5 Bxd5 27.e6 Qe7 28.
Qxf7+ Qxf7 29.exf7+ Bxf7 30.Bxb8 Bxc4 31.Ba7 0-1

[Event "30th ECh U20"]
[Site "Baku AZE"]
[Date "2002.07.15"]
[Round "2"]
[White "Riazantsev, Alexander"]
[Black "Werle, Jan"]
[Result "1/2-1/2"]
[WhiteElo "2537"]
[BlackElo "2443"]
[EventDate "2002.07.14"]
[PlyCount "65"]

1.d4 Nf6 2.c4 e6 3.Nf3 b6 4.g3 Bb7 5.Bg2 Be7 6.O-O O-O 7.Nc3 Ne4 8.Bd2 f5 
9.Qc2 Nxc3 10.Bxc3 Be4 11.Qd2 d6 12.Ne1 Bg5 13.e3 Bxg2 14.Nxg2 Nd7 15.Rad1
a5 16.Qc2 Bh6 17.Nf4 Qe7 18.d5 Bxf4 19.exf4 Rae8 20.Rfe1 Qf7 21.dxe6 Rxe6 
22.Rxe6 Qxe6 23.b3 Nc5 24.Re1 Qf7 25.Bd4 Ne6 26.Bb2 Rd8 27.Qc3 Rd7 28.Re2 
Nf8 29.Qe1 h6 30.h4 Ng6 31.Re8+ Kh7 32.Re3 Ne7 33.Qe2 1/2-1/2

[Event "30th ECh U20"]
[Site "Baku AZE"]
[Date "2002.07.15"]
[Round "2"]
[White "Mamedov, Rauf"]
[Black "Guseinov, Gadir"]
[Result "1/2-1/2"]
[WhiteElo "2358"]
[BlackElo "2510"]
[EventDate "2002.07.14"]
[PlyCount "45"]

1.e4 c6 2.d4 d5 3.Nd2 dxe4 4.Nxe4 Bf5 5.Ng3 Bg6 6.h4 h6 7.Nf3 Nd7 8.h5 Bh7
9.Bd3 Bxd3 10.Qxd3 e6 11.Bd2 Ngf6 12.O-O-O Be7 13.Qe2 O-O 14.Ne5 c5 15.
dxc5 Nxc5 16.Kb1 Qb6 17.Be3 Rfd8 18.Qc4 Rxd1+ 19.Rxd1 Rd8 20.Rxd8+ Qxd8 
21.a3 Qd5 22.Qxd5 Nxd5 23.Bd4 1/2-1/2

[Event "30th ECh U20"]
[Site "Baku AZE"]
[Date "2002.07.15"]
[Round "2"]
[White "Izoria, Zviad"]
[Black "Gashimov, Sarkhan"]
[Result "1/2-1/2"]
[WhiteElo "2565"]
[BlackElo "2262"]
[EventDate "2002.07.14"]
[PlyCount "66"]

1.Nf3 Nf6 2.c4 b6 3.Nc3 Bb7 4.d4 e6 5.e3 Bb4 6.Bd3 O-O 7.O-O Bxc3 8.bxc3 
d6 9.Qc2 Nbd7 10.e4 e5 11.Bg5 h6 12.Bh4 Re8 13.Rfe1 g5 14.Nxg5 hxg5 15.
Bxg5 Nf8 16.Re3 N8h7 17.Bh4 Qd7 18.Qe2 Kh8 19.Rh3 Ng8 20.f4 f6 21.Rf1 Re7 
22.d5 Rg7 23.Qe3 Re8 24.Be2 Qa4 25.fxe5 Rxe5 26.Bxf6 Nxf6 27.Rxf6 Qe8 28.
Rf4 Bc8 29.Rh6 Kg8 30.Bf3 Qe7 31.h4 a5 32.Qf2 Bd7 33.a3 Qe8 1/2-1/2

[Event "30th ECh U20"]
[Site "Baku AZE"]
[Date "2002.07.15"]
[Round "2"]
[White "Mastrovasilis, Dimitrios"]
[Black "Aliev, Dzavid"]
[Result "1-0"]
[WhiteElo "2462"]
[BlackElo "2320"]
[EventDate "2002.07.14"]
[PlyCount "51"]

1.e4 Nf6 2.e5 Nd5 3.Nc3 Nb6 4.d4 d6 5.f4 g6 6.Be3 Bg7 7.Qf3 O-O 8.O-O-O 
Qd7 9.Be2 a6 10.h4 h5 11.Bd3 Qg4 12.Qf2 Nc6 13.Be2 Qf5 14.g4 hxg4 15.Bd3 
Qh5 16.Nge2 Nb4 17.Be4 d5 18.Ng3 Qh7 19.Bg2 e6 20.h5 Bh6 21.a3 Nc6 22.hxg6
Qxg6 23.f5 Bxe3+ 24.Qxe3 exf5 25.Rh6 Qg7 26.Nh5 1-0

[Event "30th ECh U20"]
[Site "Baku AZE"]
[Date "2002.07.15"]
[Round "2"]
[White "Krupenski, Juri"]
[Black "Jakubowski, Krzysztof"]
[Result "0-1"]
[WhiteElo "2240"]
[BlackElo "2475"]
[EventDate "2002.07.14"]
[PlyCount "86"]

1.d4 Nf6 2.c4 e6 3.Nc3 Bb4 4.Qc2 c5 5.dxc5 O-O 6.Nf3 Na6 7.Bd2 Bxc5 8.e3 
b6 9.a3 Bb7 10.Bd3 Be7 11.b4 Rc8 12.Qa4 Qc7 13.e4 Qb8 14.h3 Rfd8 15.O-O 
Nc7 16.Rfe1 d6 17.Nd4 Nce8 18.Rac1 Nd7 19.Bf1 Nf8 20.Be3 Nf6 21.f3 Ng6 22.
Ndb5 a6 23.Nd4 Nd7 24.Qb3 Bf6 25.Red1 h5 26.Qa2 Re8 27.Kh1 Nge5 28.f4 Nc6 
29.Nf3 Rcd8 30.Qf2 Ne7 31.Bxb6 Nxb6 32.Qxb6 Ng6 33.Qe3 Qa8 34.Re1 Ne7 35.
Qe2 g6 36.Nd2 d5 37.e5 Bh4 38.Red1 Nf5 39.Kg1 d4 40.Nce4 d3 41.Qf3 Rd4 42.
c5 Rxe4 43.c6 Bxc6 0-1

[Event "30th ECh U20"]
[Site "Baku AZE"]
[Date "2002.07.15"]
[Round "2"]
[White "Davidov, Samir"]
[Black "Mamedov, Nidjat"]
[Result "0-1"]
[WhiteElo "2248"]
[BlackElo "2463"]
[EventDate "2002.07.14"]
[PlyCount "130"]

1.e4 c5 2.Nf3 d6 3.d4 cxd4 4.Nxd4 Nf6 5.Nc3 Nc6 6.Be2 e5 7.Nb3 Be7 8.Be3 
O-O 9.f3 a5 10.Nd5 a4 11.Nxe7+ Nxe7 12.Nd2 d5 13.O-O h6 14.Bf2 dxe4 15.
fxe4 Ng6 16.Bd3 Be6 17.Nf3 Rc8 18.Qd2 Bg4 19.Be3 Bxf3 20.Rxf3 Ng4 21.Rd1 
Nxe3 22.Qxe3 Nf4 23.g3 Qg5 24.Kf1 Ne6 25.Qxg5 hxg5 26.Rf2 Rfd8 27.Rf5 Rc5 
28.Rf2 b5 29.a3 g4 30.Rfd2 Ng5 31.Be2 Rf8 32.Bxg4 Nxe4 33.Re2 f5 34.Bf3 
Nf6 35.Ke1 e4 36.Bg2 Kf7 37.h3 Ke6 38.c3 Rd5 39.Red2 Rxd2 40.Rxd2 Ke5 41.
Bf1 g5 42.Bxb5 f4 43.c4 e3 44.Rd3 Ke4 45.Rc3 Kd4 46.c5 Ne4 47.Rc4+ Kd5 48.
Ke2 Nxg3+ 49.Kf3 Nf5 50.c6 Nd4+ 51.Rxd4+ Kxd4 52.Bxa4 Kd3 53.b4 Kd2 54.Bb5
Rc8 55.a4 Rxc6 56.a5 Rh6 57.Kg4 e2 58.Bxe2 Kxe2 59.Kxg5 f3 60.Kxh6 f2 61.
h4 f1=Q 62.h5 Qf6+ 63.Kh7 Kd3 64.h6 Qf7+ 65.Kh8 Qg6 0-1

[Event "30th ECh U20"]
[Site "Baku AZE"]
[Date "2002.07.15"]
[Round "2"]
[White "Gaprindashvili, Valerian"]
[Black "Buckley, Simon"]
[Result "1-0"]
[WhiteElo "2471"]
[BlackElo "2237"]
[EventDate "2002.07.14"]
[PlyCount "101"]

1.Nf3 Nf6 2.d4 g6 3.c4 Bg7 4.g3 O-O 5.Bg2 d6 6.O-O Nc6 7.d5 Na5 8.Qa4 c5 
9.Bd2 b6 10.Bc3 Rb8 11.Nbd2 e5 12.dxe6 Bxe6 13.Ng5 Bg4 14.Rfe1 Re8 15.Qc2 
Bf5 16.e4 Bd7 17.f4 b5 18.b3 Nc6 19.cxb5 Nb4 20.Qd1 h6 21.Nxf7 Kxf7 22.Nc4
Bg4 23.Nxd6+ Kg8 24.Qd2 Nxe4 25.Nxe4 Qxd2 26.Bxd2 Nc2 27.Rac1 Nxe1 28.Bxe1
Bf5 29.Nd6 Bb2 30.Nxe8 Bxc1 31.Nd6 Be3+ 32.Bf2 Bxf2+ 33.Kxf2 Be6 34.Ke3 
Kf8 35.Bf1 Ke7 36.Ne4 Rc8 37.Bc4 Bf5 38.a4 Re8 39.Nxc5 Kd6+ 40.Kd4 Re1 41.
a5 Rh1 42.b4 Rxh2 43.b6 axb6 44.axb6 Kc6 45.b7 Rd2+ 46.Ke5 Rd8 47.Be2 Kb6 
48.g4 Re8+ 49.Kf6 Ka7 50.gxf5 gxf5 51.Bf3 1-0

[Event "30th ECh U20"]
[Site "Baku AZE"]
[Date "2002.07.15"]
[Round "2"]
[White "Gashimov, Vugar"]
[Black "Esen, Baris"]
[Result "1-0"]
[WhiteElo "2470"]
[BlackElo "2189"]
[EventDate "2002.07.14"]
[PlyCount "53"]

1.e4 c5 2.Nf3 d6 3.d4 cxd4 4.Nxd4 Nf6 5.Nc3 a6 6.Be3 e6 7.g4 h6 8.h4 b5 9.
a3 Bb7 10.Bg2 Nfd7 11.Qe2 Nc6 12.O-O-O Qa5 13.g5 Nxd4 14.Bxd4 hxg5 15.hxg5
Rxh1 16.Bxh1 g6 17.f4 e5 18.Be3 exf4 19.Bxf4 Ne5 20.Kb1 O-O-O 21.Bg2 Bg7 
22.Nd5 Bxd5 23.Rxd5 Kd7 24.c4 Ke7 25.cxb5 Rb8 26.bxa6 Qxa3 27.Rb5 1-0

[Event "30th ECh U20"]
[Site "Baku AZE"]
[Date "2002.07.15"]
[Round "2"]
[White "Tahirov, Farhad"]
[Black "Lotscher, Roland"]
[Result "1-0"]
[WhiteElo "2363"]
[BlackElo "2288"]
[EventDate "2002.07.14"]
[PlyCount "81"]

1.Nf3 c5 2.e3 d5 3.d4 Nf6 4.c3 Nbd7 5.Nbd2 Qc7 6.dxc5 Nxc5 7.b4 Nce4 8.Bb2
Nxd2 9.Qxd2 e6 10.a3 Bd7 11.Qd4 b5 12.Ne5 Bd6 13.Nxd7 Qxd7 14.a4 bxa4 15.
b5 O-O 16.Bd3 a3 17.Bxa3 e5 18.Qa4 Rfc8 19.Bb2 Qc7 20.h3 Nd7 21.O-O e4 22.
Be2 Nb6 23.Qb3 Bh2+ 24.Kh1 Be5 25.Ra6 Qd6 26.Ba3 Qe6 27.Bb4 Rc7 28.Kg1 
Rac8 29.Rc1 Rd7 30.Qa3 Bb8 31.Bc5 Qe5 32.g3 Qc7 33.Bd4 Nc4 34.Qa2 Re8 35.
Rc6 Qb7 36.Bxc4 dxc4 37.Qxc4 Rc7 38.Rxc7 Bxc7 39.Rb1 Re6 40.Ra1 Bb8 41.
Bxa7 1-0

[Event "30th ECh U20"]
[Site "Baku AZE"]
[Date "2002.07.15"]
[Round "2"]
[White "Laciner, Kerem"]
[Black "Gozzoli, Yannick"]
[Result "0-1"]
[WhiteElo "2220"]
[BlackElo "2373"]
[EventDate "2002.07.14"]
[PlyCount "48"]

1.d4 Nf6 2.c4 c6 3.Nc3 d5 4.Nf3 dxc4 5.a4 Bf5 6.Ne5 Na6 7.f3 Nd7 8.Nxc4 e5
9.e4 exd4 10.Qxd4 Nb4 11.Na3 Be6 12.Be3 Bc5 13.Qxg7 Bxe3 14.Qxh8+ Nf8 15.
Rd1 Qb6 16.Bc4 Nc2+ 17.Kf1 Bd4 18.Rxd4 Nxd4 19.Bxe6 Nxe6 20.Nc4 Qb4 21.Ne3
O-O-O 22.Kf2 Qxb2+ 23.Kg3 Ng6 24.Qe5 Nxe5 0-1

[Event "30th ECh U20"]
[Site "Baku AZE"]
[Date "2002.07.15"]
[Round "2"]
[White "Baladiaev, Gara"]
[Black "Teterev, Vitaly"]
[Result "0-1"]
[WhiteElo "2210"]
[BlackElo "2342"]
[EventDate "2002.07.14"]
[PlyCount "76"]

1.d4 Nf6 2.c4 g6 3.g3 Bg7 4.Bg2 O-O 5.Nf3 d6 6.O-O Nc6 7.Nc3 a6 8.b3 Rb8 
9.Bb2 b5 10.cxb5 axb5 11.d5 Na5 12.Nd4 b4 13.Na4 e6 14.dxe6 fxe6 15.a3 e5 
16.axb4 Rxb4 17.Nc6 Nxc6 18.Bxc6 Be6 19.Ra3 Qb8 20.Qa1 Rxb3 21.Rxb3 Qxb3 
22.Rc1 Ng4 23.Rc3 Qb4 24.Rf3 Rb8 25.Ra3 Nf6 26.Qc1 Bg4 27.f3 Be6 28.e4 Bb3
29.Bc3 Qc4 30.Bd2 Qxc1+ 31.Bxc1 Bxa4 32.Bxa4 Rb1 33.Rc3 Bh6 34.f4 exf4 35.
Bb3+ Kf8 36.Kg2 Rxc1 37.Rxc1 f3+ 38.Kxf3 Bxc1 0-1

[Event "30th ECh U20"]
[Site "Baku AZE"]
[Date "2002.07.15"]
[Round "2"]
[White "Cernousek, Lukas"]
[Black "Aliev, Chingiz"]
[Result "1-0"]
[WhiteElo "2294"]
[BlackElo "2213"]
[EventDate "2002.07.14"]
[PlyCount "159"]

1.e4 c5 2.Nf3 d6 3.d4 cxd4 4.Nxd4 Nf6 5.Nc3 a6 6.Be2 e5 7.Nb3 Be7 8.O-O 
O-O 9.Be3 Qc7 10.Qd2 b5 11.a4 b4 12.Nd5 Nxd5 13.exd5 a5 14.Rfc1 f5 15.f3 
Ba6 16.c3 Bxe2 17.cxb4 Qb7 18.Qxe2 Qxb4 19.Qb5 Bf6 20.Rc4 Qxb5 21.axb5 Nd7
22.Rc7 Rf7 23.b6 Nxb6 24.Bxb6 Rb8 25.Rc6 Rfb7 26.Bc7 Rxb3 27.Bxb8 Rxb8 28.
Rxd6 Rxb2 29.Rd1 Kf7 30.Rc6 Rb8 31.Rc7+ Ke8 32.d6 Rd8 33.Ra7 Rd7 34.Rxa5 
Kf7 35.Ra8 Ke6 36.Re8+ Kf7 37.Rh8 h6 38.g4 fxg4 39.fxg4 Be7 40.Rf1+ Bf6 
41.h4 Ke6 42.Rd1 Rxd6 43.Rxd6+ Kxd6 44.h5 Ke6 45.Kf2 Bg5 46.Kf3 Kf7 47.Ke4
g6 48.Ra8 gxh5 49.gxh5 Bf4 50.Ra6 Ke7 51.Kd5 Kf7 52.Re6 Kf8 53.Ke4 Kg7 54.
Kd5 Kf7 55.Rb6 Ke7 56.Ra6 Kf7 57.Re6 Kf8 58.Kc6 Kf7 59.Kd7 Kg7 60.Ke8 e4 
61.Rxe4 Bd2 62.Ke7 Bc3 63.Rg4+ Kh7 64.Rg6 Bd4 65.Ke6 Bb2 66.Kf5 Bc3 67.Rc6
Bd2 68.Rc7+ Kg8 69.Kg6 Kf8 70.Rf7+ Ke8 71.Rf2 Bg5 72.Kg7 Ke7 73.Re2+ Kd7 
74.Kf7 Kd6 75.Re6+ Kd7 76.Ra6 Bf4 77.Ra4 Bg5 78.Rd4+ Kc7 79.Kg7 Kc8 80.Rd6
1-0

[Event "30th ECh U20"]
[Site "Baku AZE"]
[Date "2002.07.15"]
[Round "2"]
[White "Chkhaidze, Nikoloz"]
[Black "Kanep, Meelis"]
[Result "0-1"]
[WhiteElo "2138"]
[BlackElo "2358"]
[EventDate "2002.07.14"]
[PlyCount "64"]

1.e4 c5 2.Nf3 d6 3.d4 cxd4 4.Nxd4 Nf6 5.Nc3 a6 6.Be3 e6 7.f3 Nbd7 8.g4 h6 
9.Qd2 b5 10.O-O-O Bb7 11.h4 b4 12.Na4 Qa5 13.b3 Nc5 14.a3 Nxa4 15.axb4 Qc7
16.bxa4 Nd7 17.Bh3 d5 18.g5 Qc4 19.g6 Bxb4 20.gxf7+ Ke7 21.Bg5+ hxg5 22.
Qxg5+ Nf6 23.Qe5 Ba3+ 24.Kb1 Qb4+ 25.Nb3 Rh5 26.Qc7+ Kf8 27.Bxe6 Qe7 28.
Qb6 Qd6 29.Qxb7 Rb8 30.Bxd5 Rxb7 31.Bxb7 Qc7 32.Ka2 Be7 0-1

[Event "30th ECh U20"]
[Site "Baku AZE"]
[Date "2002.07.16"]
[Round "3"]
[White "Guseinov, Gadir"]
[Black "Mastrovasilis, Dimitrios"]
[Result "1/2-1/2"]
[WhiteElo "2510"]
[BlackElo "2462"]
[EventDate "2002.07.14"]
[PlyCount "23"]

1.e4 e5 2.Nf3 Nc6 3.Bb5 Nf6 4.d3 d6 5.O-O Bd7 6.d4 g6 7.d5 Ne7 8.Bxd7+ 
Qxd7 9.Re1 Bg7 10.c4 O-O 11.Nc3 Nh5 12.Be3 1/2-1/2

[Event "30th ECh U20"]
[Site "Baku AZE"]
[Date "2002.07.16"]
[Round "3"]
[White "Mamedov, Nidjat"]
[Black "Gashimov, Vugar"]
[Result "1/2-1/2"]
[WhiteElo "2463"]
[BlackElo "2470"]
[EventDate "2002.07.14"]
[PlyCount "32"]

1.e4 c5 2.Nf3 a6 3.Nc3 e6 4.g3 b5 5.Bg2 Bb7 6.O-O b4 7.Na4 Bxe4 8.d4 cxd4 
9.Qxd4 Nf6 10.c4 Nc6 11.Qe3 Be7 12.b3 O-O 13.Bb2 Bg6 14.Rad1 Rb8 15.Nd4 
Nxd4 16.Bxd4 d5 1/2-1/2

[Event "30th ECh U20"]
[Site "Baku AZE"]
[Date "2002.07.16"]
[Round "3"]
[White "Werle, Jan"]
[Black "Gaprindashvili, Valerian"]
[Result "1/2-1/2"]
[WhiteElo "2443"]
[BlackElo "2471"]
[EventDate "2002.07.14"]
[PlyCount "71"]

1.Nf3 d5 2.d4 e6 3.c4 Nf6 4.Nc3 Bb4 5.Bg5 h6 6.Bxf6 Qxf6 7.e3 c5 8.cxd5 
exd5 9.Bb5+ Bd7 10.O-O Bxc3 11.Bxd7+ Nxd7 12.bxc3 O-O 13.dxc5 Qc6 14.Nd4 
Qxc5 15.Nf5 Nf6 16.Qd4 Qb6 17.Rfb1 Qe6 18.Ng3 b6 19.a4 Rac8 20.a5 Rc4 21.
Qd3 Ne4 22.Nxe4 dxe4 23.Qd2 Rfc8 24.axb6 axb6 25.Ra3 Qf6 26.h3 Rd8 27.Qb2 
Rc6 28.Ra4 Qf5 29.Rd4 Re8 30.Qb5 Qxb5 31.Rxb5 Rxc3 32.Rxb6 Rc1+ 33.Kh2 Rc2
34.Kg1 Rc1+ 35.Kh2 Rc2 36.Kg1 1/2-1/2

[Event "30th ECh U20"]
[Site "Baku AZE"]
[Date "2002.07.16"]
[Round "3"]
[White "Kanep, Meelis"]
[Black "Riazantsev, Alexander"]
[Result "1/2-1/2"]
[WhiteElo "2358"]
[BlackElo "2537"]
[EventDate "2002.07.14"]
[PlyCount "91"]

1.d4 e6 2.Nf3 Nf6 3.g3 c5 4.Bg2 cxd4 5.Nxd4 Be7 6.O-O O-O 7.c4 a6 8.Nc3 
Qc7 9.e4 d6 10.Be3 Nc6 11.b3 Nxd4 12.Bxd4 Bd7 13.f4 Bc6 14.Rc1 Qd8 15.a4 
Rc8 16.Qe2 Nd7 17.Rfd1 Re8 18.Qf2 b6 19.Rc2 Ba8 20.Rcd2 Qc7 21.f5 Bg5 22.
Rd3 Nc5 23.Bxc5 Qxc5 24.Qxc5 dxc5 25.fxe6 fxe6 26.e5 h6 27.Bxa8 Rxa8 28.
Ne4 Be7 29.Rd7 Red8 30.Kf2 Kf8 31.Ke2 Rab8 32.Rc7 Rxd1 33.Kxd1 b5 34.cxb5 
axb5 35.a5 Bd8 36.Rc6 Bxa5 37.Nxc5 Kf7 38.Ke2 Bc3 39.Nd3 b4 40.Rc7+ Kf8 
41.Nf4 Kg8 42.Rc5 Kf7 43.Rc7+ Kg8 44.Rc5 Kf7 45.Rc7+ Kg8 46.Rc5 1/2-1/2

[Event "30th ECh U20"]
[Site "Baku AZE"]
[Date "2002.07.16"]
[Round "3"]
[White "Esen, Baris"]
[Black "Izoria, Zviad"]
[Result "0-1"]
[WhiteElo "2189"]
[BlackElo "2565"]
[EventDate "2002.07.14"]
[PlyCount "70"]

1.d4 Nf6 2.Nf3 c5 3.d5 g6 4.Nc3 Bg7 5.e4 d6 6.Bb5+ Nbd7 7.a4 O-O 8.O-O a6 
9.Be2 b6 10.h3 Ne8 11.Nd2 Rb8 12.f4 Nc7 13.Nc4 Bb7 14.Be3 Ba8 15.Qd2 b5 
16.axb5 axb5 17.Na5 b4 18.Nd1 Nb6 19.c3 bxc3 20.bxc3 Qd7 21.Ra2 e6 22.c4 
Rfe8 23.f5 exd5 24.exd5 Qd8 25.Nf2 Nbxd5 26.cxd5 Nxd5 27.Nc4 Nc3 28.Rc2 
Nxe2+ 29.Qxe2 d5 30.fxg6 hxg6 31.Ng4 f5 32.Nge5 dxc4 33.Nxc4 Rb3 34.Qf2 
Rbxe3 35.Nxe3 Rxe3 0-1

[Event "30th ECh U20"]
[Site "Baku AZE"]
[Date "2002.07.16"]
[Round "3"]
[White "Aliev, Dzavid"]
[Black "Cernousek, Lukas"]
[Result "0-1"]
[WhiteElo "2320"]
[BlackElo "2294"]
[EventDate "2002.07.14"]
[PlyCount "80"]

1.e4 c5 2.Nf3 Nc6 3.d4 cxd4 4.Nxd4 Qb6 5.Nxc6 bxc6 6.Nc3 d6 7.Bc4 Nf6 8.
Bb3 Ba6 9.Be3 Qa5 10.Qf3 Bb7 11.O-O g6 12.g4 h6 13.h4 g5 14.h5 Qc7 15.Qg3 
Bc8 16.Ba4 Bd7 17.f3 Bg7 18.Rad1 Rb8 19.Bb3 Be6 20.Rd2 Nd7 21.Rfd1 Be5 22.
Qf2 a5 23.Na4 O-O 24.Rd3 Kh7 25.Kg2 Rg8 26.R3d2 Rb4 27.Rd3 Rgb8 28.Kh3 Nf8
29.Bd4 Bxd4 30.Rxd4 Qa7 31.R4d2 Qc7 32.Rd4 Rxd4 33.Qxd4 c5 34.Qc3 c4 35.a3
Qc6 36.Bxc4 Qxc4 37.Qxc4 Bxc4 38.Rd4 Bb5 39.b3 Ne6 40.Rd5 Nf4+ 0-1

[Event "30th ECh U20"]
[Site "Baku AZE"]
[Date "2002.07.16"]
[Round "3"]
[White "Teterev, Vitaly"]
[Black "Chkhaidze, Nikoloz"]
[Result "0-1"]
[WhiteElo "2342"]
[BlackElo "2138"]
[EventDate "2002.07.14"]
[PlyCount "106"]

1.e4 e5 2.Nf3 Nc6 3.Bb5 a6 4.Bxc6 dxc6 5.O-O f6 6.d4 exd4 7.Nxd4 c5 8.Nb3 
Qxd1 9.Rxd1 Bd6 10.Na5 b5 11.c4 Ne7 12.Nc3 Rb8 13.Be3 Be6 14.e5 Bxe5 15.
Bxc5 Bxc3 16.bxc3 Ng6 17.Nc6 Ra8 18.cxb5 axb5 19.Na7 Bc4 20.Rd4 Ne5 21.
Rad1 g5 22.f4 gxf4 23.a4 bxa4 24.Nc6 Nxc6 25.Rxc4 Ne5 26.Rxf4 Ra6 27.Rdd4 
Kf7 28.Rxa4 Rha8 29.Rxa6 Rxa6 30.Rf1 Ke6 31.h3 Ra2 32.Bf8 Rc2 33.Bg7 Nd7 
34.Rf3 Kf7 35.Rg3 c5 36.Bh6 c4 37.h4 Ke6 38.h5 Ne5 39.Bg7 Rd2 40.Bf8 Kf5 
41.Bb4 Kf4 42.Rg7 Ng4 43.Kf1 Rf2+ 44.Kg1 Rd2 45.Kf1 f5 46.Bc5 h6 47.Rf7 
Nh2+ 48.Kg1 Kg3 49.Rg7+ Ng4 50.Kf1 Rxg2 51.Rf7 f4 52.Ke1 Ne5 53.Rg7+ Kf3 
0-1

[Event "30th ECh U20"]
[Site "Baku AZE"]
[Date "2002.07.16"]
[Round "3"]
[White "Aliev, Chingiz"]
[Black "Laciner, Kerem"]
[Result "1/2-1/2"]
[WhiteElo "2213"]
[BlackElo "2220"]
[EventDate "2002.07.14"]
[PlyCount "62"]

1.d4 Nf6 2.Nf3 g6 3.Bg5 Bg7 4.Nbd2 d5 5.e3 O-O 6.Bd3 Nbd7 7.O-O c5 8.c3 b6
9.b4 Re8 10.bxc5 bxc5 11.e4 cxd4 12.cxd4 dxe4 13.Nxe4 Bb7 14.Nc5 Nxc5 15.
dxc5 Qd5 16.Rc1 Red8 17.Bxf6 Bxf6 18.Bc4 Qxd1 19.Rfxd1 Rxd1+ 20.Rxd1 Rc8 
21.Rc1 e6 22.Bb5 Bc6 23.Bxc6 Rxc6 24.Ne1 Bd4 25.Nd3 e5 26.Rc4 Kf8 27.Kf1 
Ke7 28.f4 f6 29.Ke2 Ke6 30.fxe5 fxe5 31.Ra4 Bxc5 1/2-1/2